Participants de Papi UHC - Statistiques

Statistiques générales
  • Ce quiz a été pris 6 fois
  • Le résultat moyen est 16 sur 26
Statistiques - réponses
Saison d'apparition Joueur % Correct
Saison 1 ItsIno
100%
Saison 1 Paulo
100%
Saison 1 Treyyyl_
100%
Saison 1 DeadRed
83%
Saison 1 Flumit
83%
Saison 1 Gagab03
83%
Saison 1 Newlele
83%
Saison 1 Pouka
83%
Saison 1 Redemoles
83%
Saison 1 Shazin
83%
Saison 1 Bomby
67%
Saison 1 GoldVision98
67%
Saison 1 Luvolt
67%
Saison 1 Megamat
67%
Saison 1 Totay
67%
Saison 1 NeiiSan
50%
Saison 1 PopcornRazer
50%
Saison 1 Rikumashi
50%
Saison 1 Rizio
50%
Saison 1 Simon
50%
Saison 1 ElFuZzion
33%
Saison 1 ElPina
33%
Saison 1 Luxy133
33%
Saison 1 Rokoul
33%
Saison 1 Osifou
17%
Saison 1 PtitEven
17%
Aucun quiz correspondant
Distribution des résultats
% des personnes avec chaque résultat
Percentile par nombre de réponses
Votre historique - résultats
Vous n’avez pas pris ce quiz